000 00325nam a22001217a 4500
999 _c8476
_d8476
008 200219b ||||| |||| 00| 0 eng d
020 _a9788126516582
082 _a005.133 SHO
100 _aSHUKLA, Rajesh K
245 _aObject Oriented Programming in C ++
_hEnlgish
250 _aReprint 2016
260 _aNew Delhi
_bJOHN WILEY